|
|
|
|
| LEADER |
01672nam a2200337 a 4500 |
| 001 |
14278758 |
| 008 |
110510r20062005nyua b 001 0 eng d |
| 010 |
|
|
|a 2006923002
|
| 020 |
|
|
|a 818128528x
|
| 020 |
|
|
|a 9780387231808
|
| 020 |
|
|
|a 0387231803
|
| 020 |
|
|
|a 0387234136 (e-Book)
|
| 040 |
|
|
|a NED
|c NED
|d OHX
|d NOH
|d C@R
|d UMC
|d IXA
|d AGL
|d BAKER
|d VP@
|d NLGGC
|d DLC
|d BD-DhAAL
|
| 082 |
0 |
0 |
|a 664/.001/579
|2 22
|
| 100 |
1 |
|
|a Jay, James M.
|q (James Monroe),
|d 1927-
|
| 245 |
1 |
0 |
|a Modern food microbiology /
|c James M. Jay, Martin J. Loessner, David A. Golden.
|
| 250 |
|
|
|a 7th ed.
|
| 260 |
|
|
|a New York :
|b Springer ;
|a New Delhi :
|b Springer (India),
|c c2005 [Reprinted 2006]
|
| 300 |
|
|
|a xx, 790 p. :
|b ill. ;
|c 24 cm.
|
| 490 |
|
0 |
|a Food science text series
|
| 504 |
|
|
|a Includes bibliographical references and index.
|
| 541 |
|
|
|e 00022507
|
| 650 |
|
0 |
|a Food
|x Microbiology.
|
| 650 |
|
2 |
|a Food Microbiology.
|
| 700 |
1 |
|
|a Loessner, Martin J.
|
| 700 |
1 |
|
|a Golden, David Allen,
|d 1963-
|
| 852 |
4 |
|
|a Ayesha Abed Library
|j General shelf
|
| 999 |
|
|
|c 10813
|d 10813
|
| 952 |
|
|
|0 0
|1 0
|2 ddc
|4 0
|6 664_001579000000000_JAY
|7 0
|9 16327
|a BRACUL
|b BRACUL
|c GEN
|d 2011-05-10
|e Development Book Agency
|g 8895.00
|l 11
|m 76
|o 664.001579 JAY
|p 3010022507
|r 2025-10-07
|s 2025-06-21
|t 1
|w 2011-05-10
|y BK
|
| 952 |
|
|
|0 0
|1 0
|2 ddc
|4 0
|6 664_001579000000000_JAY
|7 0
|9 16328
|a BRACUL
|b BRACUL
|c GEN
|d 2011-05-10
|e Development Book Agency
|g 8895.00
|l 5
|m 21
|o 664.001579 JAY
|p 3010022508
|r 2024-06-08
|s 2024-06-02
|t 2
|w 2011-05-10
|y BK
|
| 952 |
|
|
|0 0
|1 0
|2 ddc
|4 0
|6 664_001579000000000_JAY
|7 0
|9 16329
|a BRACUL
|b BRACUL
|c GEN
|d 2011-05-10
|e Development Book Agency
|g 8895.00
|l 5
|m 27
|o 664.001579 JAY
|p 3010022509
|r 2024-03-28
|s 2024-03-21
|t 3
|w 2011-05-10
|y BK
|